00314 a2200097 4500001001000000005001700010008004100027245002100068100002400089773010300113ART_2604320260410161935.0260409a 10aEl agro y el IVA1 aReig, Enrique Jorge0 tAnales de la Academia Nacional de Ciencias Económicasg- Vol. XLII, (1997) (ene. 1999)wREV25596